000 00768nam a22002177a 4500
999 _c17900
_d17900
003 AR-CdUCM
008 190510b ||||| |||| 00| 0 spa d
040 _aMUNICIPALIDAD PROVINCIAL DEL CUSCO
_cBIBLIOTECA MUNICIPAL DEL CUSCO
082 _a509.2 /
_bN94
100 _aNuñez, Estuardo
_92660
245 _aEl Perú en la obra de Alejandro de Humboldt /
260 _aLima :
_bLibr. Studium,
_c1971.
300 _a261 páginas ;
_c22 cm.
505 _aContenido: Estudios geográficos -- Apuntes sobre minería peruana -- Notas sobre geología -- Notas sobre botánica...
650 _aPerú
_935
650 _aDescripciones y viajes
_9497
650 _aSiglo XIX.
_9971
700 _aPetersen G., Georg
_938133
942 _2ddc
_cLIBROS
945 _aacv
_d2019-05-10